[Event "FIDE Grand Prix Gerusalemme 2019"]
[Site "Gerusalemme"]
[Date "15.12.2019"]
[Round "2B"]
[White "Navara, David"]
[Black "Jakovenko, Dmitry"]
[Result "1-0"]
[WhiteTitle "GM"]
[BlackTitle "GM"]
[WhiteElo "2707"]
[BlackElo "2698"]
[WhiteFideId "309095"]
[BlackFideId "4122356"]
[EventDate "2019.12.11"]

1. c4 c5 2. Nf3 Nf6 3. Nc3 Nc6 4. d4 cxd4 5. Nxd4 g6 6. e4 Nxd4 7. Qxd4 d6 8.
Be3 Bg7 9. f3 O-O 10. Qd2 Be6 11. Rc1 Qa5 12. b3 Rfc8 13. g4 a6 14. Na4 Qxd2+
15. Kxd2 Nd7 16. Rg1 Rc6 17. Be2 Kh8 18. f4 Nc5 19. Nxc5 dxc5 20. Bf3 Rc7 21.
Ke2 b5 22. e5 Rac8 23. Bd5 Bxd5 24. cxd5 g5 25. d6 exd6 26. exd6 Rd7 27. Bxc5
gxf4 28. Kf3 Kg8 29. Bb4 Rcd8 30. Rge1 Bf8 31. Rc7 f6 32. Rd1 Kf7 33. Kxf4 Rxc7
34. dxc7 Rxd1 35. c8=Q Bxb4 36. Qxa6 Bd6+ 37. Ke4 1-0